000 00667cab a2200253 4500
001 ABS41354
008 090401t1989 xxu||||| |||| 00| 0 eng d
035 _a(Sirsi) u29685
041 _aeng
100 _aHarrison, D.
245 4 _aThe effect of soil shrinkage on buildings
260 _c1989
350 _a0
490 _aConstruction Repair
_v3(7) September 1989, 11(1)
520 _aBrief guide to testing for foundation failures.
650 _aBUILDING DEFECTS
650 _aCLAY HEAVE
650 _aCLAY SHRINKAGE
650 _aSOILS
650 _aTREES
690 _aBUILT ENVIRONMENT-BUILDING PATHOLOGY
942 _n0
948 _c04/03/1997
999 _c19968
_d19968